| Поле | Инд. | ПП | Название | Значение |
|---|---|---|---|---|
| Тип записи | a | |||
| Библиографический уровень | a | |||
| 001 | Контрольный номер | e5350ad499914057997e5c566817308b | ||
| 005 | Дата корректировки | 20151209104953.6 | ||
| 020 | a | ISBN | 978-5-903927-23-4 | |
| 040 | a | Служба первич. каталог. | НБ ТвГУ | |
| b | Код языка каталог. | rus | ||
| e | Правила каталог. | PSBO | ||
| 041 | 0_ | a | Код языка текста | rus |
| 097 | b | Оператор | batjaeva_g | |
| 100 | 1_ | a | Автор | Луконин Сергей Александрович |
| q | Полное имя | Луконин С. А. | ||
| 245 | 10 | a | Заглавие | Китай на пути реформ |
| 260 | a | Место издания | Москва | |
| b | Издательство | Идея-Пресс | ||
| 504 | a | Библиография | Библиогр. в подстроч. примеч. | |
| 520 | 0_ | a | Аннотация | В статье рассмотрены основные процессы, протекавшие в экономической и политической сферах Китая в 2014 году. Отмечено, что действия правительства КНР были направлены на углубление рыночных реформ и дальнейшую либерализацию экономики. Показано, что антикоррупционная компания Си Цзиньпина используется в качестве средства укрепления места партии в обществе и исправления ее имиджа. Выявлены основные черты и характеристики формирующейся внешнеполитической концепции Китая. Также дан краткий прогноз изменения интенсивности указанных процессов в краткой и среднесрочной перспективе. |
| 653 | 0_ | a | Ключевые слова | Китай |
| a | Ключевые слова | Экономическое развитие | ||
| a | Ключевые слова | Антикоррупционная компания | ||
| a | Ключевые слова | Внешняя политика | ||
| 773 | 18 | w | Контрольный № источника | b4af36c863064c599b575333bbb4ae52 |
| t | Название источника | Год планеты: экономика, политика, безопасность | ||
| d | Место и дата издания | Москва : Идея-Пресс, 2014 | ||
| g | Прочая информация | Вып. 2014 г. - С. 226-237 | ||
| 901 | t | Тип документа | a | |
| 920 | a | Оператор | Батя |